000 00714nam a2200217 4500
010 _a579829
035 _a579829
037 _bCen Lib / Ret
040 _aDPL
_bEN
082 _a954.082
_bMAL
100 _aMalcolm, John
245 _aThe political history of India, 1784 to 1823.
_cby John Malcolm ; edited by K. N. Panikkar
260 _aNew Delhi
_bAssociated Publishing House
_c1970
270 _aNew Market Karol Bagh
_bNew Delhi
_e110005
300 _a2 v. ; 464
_b24cm(Hb)
490 _aAssociated reprints
_v1
650 _aIndia -- Politics and government -- 1765-1947.
650 _aPolitics and government
700 _aPanikkar, K. N.
942 _2ddc
_cEN
_h954.082
_mMAL
999 _c136520
_d136520